Hypotekárne úvery - podpora zo strany štátu bakalárska práca

Gespeichert in:
Bibliographische Detailangaben
1. Verfasser: Gričová, Katarína
Körperschaft: Národohospodárska fakulta EU. Katedra sociálneho rozvoja a práce
Weitere Verfasser: Koóšová, Miriam
Format: Buch
Sprache:Slowakisch
Veröffentlicht: Bratislava 2009
Tags: Tag hinzufügen
Keine Tags, Fügen Sie das erste Tag hinzu!

MARC

LEADER 00000nam$a2200000$$$4500
001 0100841
005 20240318140504.7
041 0 |a slo 
044 |a SK 
245 1 0 |a Hypotekárne úvery - podpora zo strany štátu  |b bakalárska práca  |c Katarína Gričová ; škol. Miriam Koóšová 
264 1 |a Bratislava  |c 2009 
300 |a 33 s. 
100 1 |a Gričová, Katarína 
700 1 |a Koóšová, Miriam 
710 2 |a Národohospodárska fakulta EU. Katedra sociálneho rozvoja a práce